[Event "Challenge"]
[Site "http://www.queenalice.com/game.php?id=859169"]
[Date "2010.11.15"]
[Round "-"]
[White "elidionisio10"]
[Black "rviana"]
[Result "1-0"]
[WhiteElo "1954"]
[BlackElo "1934"]

1. d4 Nf6 2. c4 e6 3. Nc3 Bb4 4. Nf3 O-O 5. Bd2 Nc6 6. e3 Bxc3 7. Bxc3 d5 8. b3
Bd7 9. Bd3 h6 10. O-O a5 11. Ne5 Be8 12. h3 Nb4 13. Bxb4 axb4 14. c5 Nd7 15. Nf3
b6 16. Qc2 bxc5 17. dxc5 c6 18. e4 Qe7 19. exd5 exd5 20. Rfe1 Qf6 21. a4 bxa3
22. b4 Qf4 23. Qb3 Nf6 24. Rxa3 Bd7 25. Rea1 Rxa3 26. Rxa3 Kh8 27. Qa2 Bxh3 28.
Ra8 Rxa8 29. Qxa8+ Ng8 30. Qxc6 Be6 31. b5 g5 32. b6 Qb8 33. Nd4 Ne7 34. Qd6 Qb7
35. c6 Qc8 36. Qxe7 1-0

[Event "Challenge"]
[Site "http://www.queenalice.com/game.php?id=874456"]
[Date "2010.12.20"]
[Round "-"]
[White "elidionisio10"]
[Black "andre2006"]
[Result "1-0"]
[WhiteElo "1930"]
[BlackElo "1972"]

1. e4 c5 2. Nf3 Nc6 3. d4 e6 4. Nc3 cxd4 5. Nxd4 Nxd4 6. Qxd4 f6 7. Be2 e5 8.
Qa4 Bc5 9. O-O Ne7 10. Bd2 O-O 11. Rad1 d5 12. Qb3 Be6 13. exd5 Nxd5 14. Qxb7
Rb8 15. Qa6 Re8 16. Bc4 Qb6 17. Qxb6 axb6 18. Nxd5 Bxd5 19. Bxd5+ Kh8 20. h3 e4
21. Bc6 Re5 22. Bf4 g5 23. Bxe5 fxe5 24. Bxe4 Re8 25. Rd7 h5 26. Bg6 Ra8 27.
Rfd1 Bd4 28. c3 Bc5 29. b4 Bf8 30. Rf7 Kg8 31. Rdd7 Rxa2 32. Rd8 1-0

[Event "Challenge"]
[Site "http://www.queenalice.com/game.php?id=908493"]
[Date "2011.3.4"]
[Round "-"]
[White "elidionisio10"]
[Black "Ederson"]
[Result "1-0"]
[WhiteElo "1971"]
[BlackElo "1170"]

1. d4 d5 2. c4 Bf5 3. Nc3 dxc4 4. e4 Bd7 5. Bxc4 Nc6 6. Nf3 Nb4 7. O-O e6 8. a3
Nc6 9. Re1 Nf6 10. e5 Nh5 11. Ne4 f5 12. exf6 gxf6 13. d5 f5 14. dxc6 Bxc6 15.
Nd4 fxe4 16. Qxh5+ Kd7 17. Bxe6+ Kd6 18. Bf4+ Ke7 19. Qf7# 1-0

[Event "Challenge"]
[Site "http://www.queenalice.com/game.php?id=908494"]
[Date "2011.3.4"]
[Round "-"]
[White "elidionisio10"]
[Black "emilio2100"]
[Result "0-1"]
[WhiteElo "1940"]
[BlackElo "2007"]

1. d4 d5 2. c4 Nf6 3. Nc3 e6 4. Nf3 Be7 5. Qc2 h6 6. e4 dxe4 7. Nxe4 Nc6 8. Be3
Bb4+ 9. Ned2 Ng4 10. a3 Nxe3 11. fxe3 Bxd2+ 12. Qxd2 f6 13. Be2 Qe7 14. O-O Bd7
15. b4 O-O 16. b5 Nd8 17. a4 c6 18. Qd3 e5 19. c5 e4 20. Qc4+ Be6 21. d5 Bxd5
22. Qc3 exf3 23. Bxf3 Bxf3 24. Rxf3 Ne6 25. Rd1 Nxc5 26. Qa3 Rfd8 27. Rc1 b6 28.
h3 Rd3 29. Qa2+ Kh8 30. Qe2 Rad8 31. Re1 Nxa4 32. bxc6 Qc5 33. Kh2 Qxc6 34. e4
Rxf3 35. gxf3 Qc3 36. Qf1 Rd3 37. Kg3 Rxf3+ 38. Qxf3 Qxe1+ 39. Kf4 g5+ 40. Kf5
Nc5 41. Kxf6 Qxe4 42. Qxe4 Nxe4+ 43. Kg6 a5 44. Kxh6 a4 45. Kh5 a3 46. Kg4 a2
47. h4 a1=Q 48. hxg5 Qf1 49. Kh5 Kg7 0-1

[Event "Challenge"]
[Site "http://www.queenalice.com/game.php?id=908495"]
[Date "2011.3.4"]
[Round "-"]
[White "elidionisio10"]
[Black "fabianoo"]
[Result "1-0"]
[WhiteElo "1955"]
[BlackElo "2003"]

1. d4 d5 2. c4 e6 3. Nc3 Nf6 4. Nf3 Be7 5. Bf4 dxc4 6. e4 c6 7. Bxc4 b5 8. Bd3
Ba6 9. e5 Nd5 10. Nxd5 cxd5 11. O-O O-O 12. Re1 b4 13. Bc2 Nc6 14. h3 Bb5 15.
Rc1 Qb6 16. Be3 a5 17. Ng5 g6 18. Qg4 b3 19. Bxb3 f5 20. exf6 Rxf6 21. Nxe6 Nb4
22. Nc7 Bc4 23. Nxa8 Qb7 24. Bg5 Qxa8 25. Bxf6 Bxf6 26. Qe6+ Kg7 27. Bxc4 dxc4
28. Rxc4 Nd3 29. Rc7+ 1-0

[Event "Challenge"]
[Site "http://www.queenalice.com/game.php?id=915370"]
[Date "2011.3.20"]
[Round "-"]
[White "Ebbe"]
[Black "elidionisio10"]
[Result "1-0"]
[WhiteElo "1869"]
[BlackElo "1975"]

1. e4 e5 2. Nf3 Nc6 3. b3 Nf6 4. Nc3 Bc5 5. Bb2 d6 6. Bc4 O-O 7. Qe2 Bg4 8.
O-O-O Nd4 9. Qd3 c6 10. h3 Bxf3 11. gxf3 b5 12. Nxb5 cxb5 13. Bd5 Rb8 14. f4 Re8
15. f5 Nxd5 16. exd5 a6 17. c3 1-0

[Event "Challenge"]
[Site "http://www.queenalice.com/game.php?id=924125"]
[Date "2011.4.9"]
[Round "-"]
[White "carlospianista"]
[Black "elidionisio10"]
[Result "1-0"]
[WhiteElo "1971"]
[BlackElo "1973"]

1. d4 d5 2. c4 Nc6 3. Nc3 Nf6 4. Nf3 e6 5. Bg5 Be7 6. a3 O-O 7. e3 h6 8. Bxf6
Bxf6 9. cxd5 exd5 10. Bb5 Bd7 11. Nxd5 a6 12. Ba4 Bg5 13. Nc3 b5 14. Bb3 Bf6 15.
Ne4 Na5 16. Ba2 Re8 17. Nxf6+ Qxf6 18. O-O 1-0

[Event "Challenge"]
[Site "http://www.queenalice.com/game.php?id=1409798"]
[Date "2016.2.17"]
[Round "-"]
[White "paulchess10"]
[Black "elidionisio10"]
[Result "1/2-1/2"]
[WhiteElo "2031"]
[BlackElo "1931"]

1. d4 d5 2. c4 e6 3. Nc3 Nf6 4. Bg5 Nc6 5. cxd5 exd5 6. Nf3 Be7 7. e3 h6 8. Bh4
O-O 9. Bb5 Bd7 10. Bxf6 Bxf6 11. Nxd5 a6 12. Nxf6+ Qxf6 13. Ne5 Qd6 14. Nxd7
Qxd7 15. d5 axb5 16. dxc6 Qxc6 17. O-O Rfd8 18. Qb3 Rd2 19. Rfc1 Qb6 20. Qb4
Rad8 21. b3 c5 22. Qh4 g5 23. Qe4 b4 24. Qf3 Kg7 25. Rd1 Rxd1+ 26. Rxd1 Rxd1+
27. Qxd1 Kg6 28. Qd3+ f5 29. g3 Qc6 30. f4 b5 31. h3 c4 32. Qc2 Qe6 33. Kf2 Qa6
34. e4 Qc8 35. exf5+ Qxf5 36. Qxf5+ Kxf5 37. fxg5 hxg5 38. Ke3 c3 39. Kd3 g4 40.
h4 Kg6 41. a3 bxa3 42. Kxc3 b4+ 43. Kc2 Kh5 44. Kb1 Kg6 45. Kc2 Kh5 46. Kb1 Kg6
47. Kc2 1/2-1/2

[Event "Challenge"]
[Site "http://www.queenalice.com/game.php?id=1505370"]
[Date "2017.11.24"]
[Round "-"]
[White "elidionisio10"]
[Black "JohnnyFarm"]
[Result "1-0"]
[WhiteElo "1927"]
[BlackElo "1100"]

1. e4 e5 2. Nf3 d6 3. Nc3 Nf6 4. Bc4 Bg4 5. O-O Bxf3 6. Qxf3 Nc6 7. Nd5 Nd4 8.
Nxf6+ gxf6 9. Qh5 Qd7 10. c3 Nc2 11. Rb1 O-O-O 12. Bxf7 Qa4 13. Qf5+ Rd7 14. Be8
Qxa2 15. Qxd7+ Kb8 16. Qd8# 1-0

[Event "Challenge"]
[Site "http://www.queenalice.com/game.php?id=1507105"]
[Date "2017.12.8"]
[Round "-"]
[White "elidionisio10"]
[Black "paulchess10"]
[Result "0-1"]
[WhiteElo "1935"]
[BlackElo "2046"]

1. d4 Nf6 2. c4 g6 3. Nc3 d6 4. Nf3 Bg7 5. e4 O-O 6. Be2 e5 7. d5 Bg4 8. O-O
Nbd7 9. b4 c6 10. a3 cxd5 11. cxd5 Rc8 12. Qd3 a5 13. Nb5 axb4 14. Nxd6 Ra8 15.
Nxb7 Qc7 16. Qb5 Nxe4 17. Qxb4 Nef6 18. d6 Qc6 19. h3 Be6 20. Na5 Qb6 21. Rb1
Qxb4 22. axb4 Bf5 23. Rb2 Nd5 24. Nc4 e4 25. Rb3 exf3 26. Bxf3 Be6 27. Ne3 Nxe3
28. Bxe3 Bxb3 29. Bxa8 Rxa8 30. Bc5 Nxc5 31. bxc5 Bd5 32. Rc1 Bc6 33. g4 Ra1 34.
Rxa1 Bxa1 35. f4 Bd4+ 36. Kh2 Bxc5 37. Kg3 Bxd6 38. h4 h6 39. g5 Kg7 40. Kg4
hxg5 41. fxg5 Kf8 42. h5 gxh5+ 43. Kxh5 Kg7 0-1

[Event "Challenge"]
[Site "http://www.queenalice.com/game.php?id=1507209"]
[Date "2017.12.8"]
[Round "-"]
[White "JohnnyFarm"]
[Black "elidionisio10"]
[Result "0-1"]
[WhiteElo "1233"]
[BlackElo "1929"]

1. e4 e5 2. Nf3 Nc6 3. Bb5 Nge7 4. d3 d6 5. c4 a6 6. Bxc6+ Nxc6 7. Qa4 Bd7 8.
Be3 Nd4 9. Qb4 Nc2+ 10. Kf1 Nxb4 11. d4 Nc2 12. dxe5 Nxa1 13. Nc3 Nc2 14. exd6
Bxd6 15. Bg5 Be7 16. Bf4 O-O 17. Nd5 Bg4 18. Nd4 Nxd4 19. f3 Be6 20. Nxc7 Rc8
21. Nxe6 Nxe6 22. Be3 Qd3+ 23. Kf2 Rxc4 24. b3 Rc2+ 25. Kg3 Qxe3 26. Rd1 Qg5+
27. Kh3 Qh4# 0-1